| 000 | 00453cam a2200169ua 4500 | ||
|---|---|---|---|
| 003 | OSt | ||
| 008 | 250822b |||||||| |||| 00| 0 eng d | ||
| 020 | _a81-7024-568-0 | ||
| 041 | _aeng | ||
| 082 |
_a627.86 _bDAL/EN |
||
| 100 |
_aDalua, A.K . _97742 |
||
| 245 | _aEnvironmental impact of large reservoir projects on human settlement / | ||
| 250 | _a7 / | ||
| 260 |
_aNew Delhi : _bAsia Publishing House , _c1993. |
||
| 300 | _a309 ; . | ||
| 942 | _cBK | ||
| 999 |
_c1536 _d1536 |
||